|
|
|
|
| LEADER |
00769nam a22002292a 4500 |
| 001 |
000975612 |
| 003 |
CZ BrMZK |
| 005 |
20100429143937.0 |
| 007 |
ta |
| 008 |
091105s1956 gw er|||||||||||ger d |
| 040 |
|
|
|a BOA001
|b cze
|
| 100 |
0 |
|
|a Rembrandt Harmensz. van Rijn,
|d 1606-1669
|7 jn20000701488
|4 aut
|
| 245 |
1 |
0 |
|a Handzeichnungen /
|c Rembrandt Harmensz. van Rijn ; Ausgewählt und hrsg. von Richard Graul
|
| 260 |
|
|
|a Leipzig :
|b Insel-Verlag,
|c 1956
|
| 300 |
|
|
|a 62 s.
|
| 490 |
1 |
|
|a Insel-Bücherei ;
|v Nr. 108
|
| 700 |
1 |
|
|a Graul, Richard,
|d 1862-1944
|7 mzk2008458900
|4 edt
|
| 830 |
|
0 |
|a Insel-Bücherei
|
| 910 |
|
|
|a BOA001
|b 1-0389.314
|
| 990 |
|
|
|a BK
|
| 991 |
|
|
|b 200911
|
| 996 |
7 |
|
|b 2619417529
|c 1-0389.314
|l MZK
|r Sklad / do 1 hodiny
|n 0
|w 000975612
|u 000010
|a 1
|e BOA001
|j MZK50
|s A
|